| 000 | 00617nam a22002417a 4500 | ||
|---|---|---|---|
| 003 | OSt | ||
| 005 | 20140310183000.0 | ||
| 008 | 130208t xxu||||| |||| 00| 0 eng d | ||
| 020 | _a9710858858 | ||
| 050 |
_aBD 111 _b.C957 1995 |
||
| 082 |
_aPSY-FIL 128 _b.C88 1995 |
||
| 245 |
_aPhilosophy of man _cCruz, Corazon L. |
||
| 250 | _a3rd ed. | ||
| 260 |
_aMandaluyong City _bNational Book Store _c1995 |
||
| 300 |
_ax, 236 p. _c23 cm. |
||
| 521 | _acollege students | ||
| 526 | _c1210L-1700L | ||
| 541 | _j1 | ||
| 541 | _j2 | ||
| 541 | _j3 | ||
| 562 | _e3 | ||
| 942 |
_2lcc _cBK _kPSYCH-FIL |
||
| 999 |
_c18086 _d18086 |
||